Т. 2; Биология

Podrobná bibliografie
Parent link:Биология: в 3 т./ Н. Грин, У. Стаут, Д. Тейлор. Т. 2.— 2-е изд., стер..— , 1996
Jazyk:ruština
Vydáno: 1996
Témata:
Médium: Kniha
KOHA link:https://koha.lib.tpu.ru/cgi-bin/koha/opac-detail.pl?biblionumber=23699

MARC

LEADER 00000nam2a2200000 4500
001 23699
005 20231101205551.0
035 |a (RuTPU)RU\TPU\book\23924 
035 |a BOOK00023997 
090 |a 23699 
100 |a 20011209d1996 m y0rusy50 ca 
101 0 |a rus 
102 |a RU 
105 |a a j 000zy 
200 0 |a Т. 2 
210 |d 1996 
215 |a 325 с.  |c ил. 
461 1 |0 (RuTPU)RU\TPU\book\274566  |t Биология  |o в 3 т.  |o пер. с англ.  |f Н. Грин, У. Стаут, Д. Тейлор  |v Т. 2  |e 2-е изд., стер.  |d 1996 
606 1 |a Биология общая  |2 stltpush  |3 (RuTPU)RU\TPU\subj\67323  |9 83167 
610 1 |a питание 
610 1 |a энергия 
610 1 |a организмы 
610 1 |a окружающая среда 
610 1 |a экология 
610 1 |a экосистемы 
610 1 |a количественная экология 
610 1 |a растения 
610 1 |a животные 
610 1 |a транспорт 
610 1 |a регуляция 
610 1 |a учебные пособия 
675 |a 573(07)  |v 3 
801 0 |a RU  |b 63413507  |c 20011209  |g PSBO 
801 2 |a RU  |b 63413507  |c 20160921  |g PSBO 
900 |a Общая биология и микробиология 
942 |c BK